Datum a čas kvízu
49.5
Celkem bodů
Celkový počet nahraných bodů na tomto kvízu bez doplňovacích otázek.
4.
Pořadí na kvízu
Konečné umístění týmu na tomto kvízu.
Zaznamenané odpovědi
| # | Otázka | Odpověď | Body | Výsledky |
|---|---|---|---|---|
| 1. | Žena jednoho bývalého českého... | Petr Nečas | 1 | |
| 2. | Britský soud v pátek poslal do... | C) funkční splachovací záchod | 1 | |
| 3. | Minulý týden proběhl v Hradci... | 30. ročník, Guns N' Roses | 1 | |
| 4. | Česká mutace jednoho oblíbenéh... | Playboy | 1 | |
| 5. | Ve které zemi byl v úterý zahá... | na Slovensku | 1 | |
| 6. | Toto téma začneme prostě, a to... | Mantikora (Mantichora) | 1 | |
| 7. | Termínem Jókai (Yōkai) se ozna... | A | 1 | |
| 8. | V roce 2009 byl Rodinným autem... | Škoda Yeti | 1 | |
| 9. | V této otázce bude vaším úkole... | 1B 2D 3A 4C | 1 | |
| 10. | Na závěr jedno české mytologic... | Blaník | 1 |